000 00280nam a22001337a 4500
008 170328b xxu||||| |||| 00| 0 eng d
020 _a9780781719827
041 _aeng
080 _a615.83
100 _a8
101 _aSHM
245 _aKINESIOLOGY
_cOATIS.C.A
942 _2udc
_cBK
999 _c8773
_d8773